Plain English rhetoric and reader / (Record no. 9838)
[ view plain ]
| 000 -LEADER | |
|---|---|
| fixed length control field | 00986cam a2200301 a 4500 |
| 001 - CONTROL NUMBER | |
| control field | 3300814 |
| 003 - CONTROL NUMBER IDENTIFIER | |
| control field | SISC |
| 005 - DATE AND TIME OF LATEST TRANSACTION | |
| control field | 20160317131044.0 |
| 008 - FIXED-LENGTH DATA ELEMENTS--GENERAL INFORMATION | |
| fixed length control field | 830510s1982 nyua b 001 0 eng |
| 010 ## - LIBRARY OF CONGRESS CONTROL NUMBER | |
| LC control number | 83126716 |
| 020 ## - INTERNATIONAL STANDARD BOOK NUMBER | |
| International Standard Book Number | 0394328299 (pbk.) |
| 040 ## - CATALOGING SOURCE | |
| Original cataloging agency | DLC |
| Transcribing agency | DLC |
| Modifying agency | DLC |
| 050 00 - LIBRARY OF CONGRESS CALL NUMBER | |
| Classification number | PE 1408 |
| Item number | .C874 1982 |
| 082 00 - DEWEY DECIMAL CLASSIFICATION NUMBER | |
| Classification number | HS 808 |
| Item number | C83 1982 |
| 100 1# - MAIN ENTRY--PERSONAL NAME | |
| Personal name | Cowan, Gregory. |
| 9 (RLIN) | 15209 |
| 245 10 - TITLE STATEMENT | |
| Title | Plain English rhetoric and reader / |
| Statement of responsibility, etc | Gregory Cowan, Elisabeth McPherson, with Elizabeth Wooten Cowan. |
| 250 ## - EDITION STATEMENT | |
| Edition statement | 3rd ed., teacher's ed. |
| 260 ## - PUBLICATION, DISTRIBUTION, ETC. (IMPRINT) | |
| Place of publication, distribution, etc | New York : |
| Name of publisher, distributor, etc | Random House, |
| Date of publication, distribution, etc | c1982. |
| 300 ## - PHYSICAL DESCRIPTION | |
| Extent | xvi, 464, 124 p. : |
| Other physical details | ill. ; |
| Dimensions | 24 cm. |
| 504 ## - BIBLIOGRAPHY, ETC. NOTE | |
| Bibliography, etc | Includes bibliographical references and index. |
| 650 #0 - SUBJECT ADDED ENTRY--TOPICAL TERM | |
| Topical term or geographic name as entry element | English language |
| General subdivision | Rhetoric. |
| 9 (RLIN) | 15210 |
| 650 #0 - SUBJECT ADDED ENTRY--TOPICAL TERM | |
| Topical term or geographic name as entry element | College readers. |
| 9 (RLIN) | 1718 |
| 700 1# - ADDED ENTRY--PERSONAL NAME | |
| Personal name | McPherson, Elisabeth. |
| 9 (RLIN) | 15211 |
| 700 1# - ADDED ENTRY--PERSONAL NAME | |
| Personal name | Neeld, Elizabeth Cowan, |
| Dates associated with a name | 1940- |
| 9 (RLIN) | 15212 |
| 906 ## - LOCAL DATA ELEMENT F, LDF (RLIN) | |
| a | 7 |
| b | cbc |
| c | orignew |
| d | 2 |
| e | ncip |
| f | 19 |
| g | y-gencatlg |
| 942 ## - ADDED ENTRY ELEMENTS (KOHA) | |
| Source of classification or shelving scheme | Library of Congress Classification |
| Koha item type | Books |
| Withdrawn status | Lost status | Source of classification or shelving scheme | Damaged status | Home library | Current library | Shelving location | Date acquired | Total Checkouts | Full call number | Barcode | Date last seen | Copy number | Price effective from | Koha item type |
|---|---|---|---|---|---|---|---|---|---|---|---|---|---|---|
| Library of Congress Classification | Luxembourg Library | Luxembourg Library | High School Section | 08/29/2013 | PE 1408 .C874 1982 | 9965 | 03/17/2016 | 1 | 08/29/2013 | Books |